000 00426cam a2200181 4500
001 D2488
008 090401t1972 xxu||||| |||| 00| 0 eng d
035 _a(Sirsi) u69271
041 _aeng
050 _a691
100 _aClifton-Taylor, Alec
245 4 _aThe pattern of English building
260 _aLondon
_bFaber and Faber
_c1972
300 _a466p. ill. 25cm
350 _a3.25
942 _n0
948 _c04/03/1997
999 _c95180
_d95180